000 00317nam a22001457a 4500
008 210309b ||||| |||| 00| 0 eng d
020 _a9780199773527
041 _aeng
080 _22nd
_a159.9
082 _a159.9
100 _a48
101 _aPSI
245 _aThe ethical Life
_cLandau, R.Sh
942 _2udc
_cBK
999 _c56030
_d56030